Isolates of Streptomyces sp. with antifungal properties against Rigidoporus microporus (Record no. 61721)

MARC details
000 -LEADER
fixed length control field 00641nam a2200133Ia 4500
100 ## - MAIN ENTRY--AUTHOR NAME
Personal name Maiden N A
245 #0 - TITLE STATEMENT
Title Isolates of Streptomyces sp. with antifungal properties against Rigidoporus microporus
260 ## - PUBLICATION, DISTRIBUTION, ETC. (IMPRINT)
Name of publisher Sustainability of the NR Industry: Issues, Challenges & Opportunities: International Rubber Conference, 21-22 November 2016, Cambodian Rubber Research Institute (CRRI) and International Rubber Research and Development Board (IRRDB), Siem Reap, Cambodia, pp.500-514.
650 ## - SUBJECT ADDED ENTRY--TOPICAL TERM
Topical Term Antifungal
650 ## - SUBJECT ADDED ENTRY--TOPICAL TERM
Topical Term Rigidoporus microporus
650 ## - SUBJECT ADDED ENTRY--TOPICAL TERM
Topical Term Streptomyces
942 ## - ADDED ENTRY ELEMENTS (KOHA)
Koha item type Journals
Holdings
Withdrawn status Lost status Damaged status Not for loan Home library Current library Shelving location Date acquired Koha item type
      Journals RRII Library RRII Library Pathology 01/01/2021 Journals